000 00620nam a2200229 a 4500
999 _c3467
_d3467
001 3467
003 BD-JhCC
005 20171113205806.0
008 171113s2006 bg |||| ||a| 000 0 ben d
020 _a984872902X
035 _a(BD-JhCC)3467
040 _aBD-JhCC
_dBD-JhCC
041 _aben
082 _a891.4435
_bRAS 2006
100 _aরশীদ, সুজা
245 _aদামামা /
_cসুজা রশীদ,
260 _aঢাকা :
_bতুর্য প্রকাশনী,
_c2006
300 _a126 p.
_c20 cm.
650 _aHistorical Stories
942 _2ddc
_cBK